000 00664nam a22002177a 4500
999 _c17435
_d17435
003 AR-CdUCM
008 190508b ||||| |||| 00| 0 spa d
040 _aMUNICIPALIDAD PROVINCIAL DEL CUSCO
_cBIBLIOTECA MUNICIPAL DEL CUSCO
082 _a519 /
_bUS93
100 _aUspensky, J. V.
_937450
245 _aMatematicas de las probabilidades /
260 _aBuenos Aires :
_bNigar,
_c1954.
300 _a449 paginas ;
_c23 cm.
500 _aMatematicas
505 _aContenido: Capitulo del I al V
650 _aMatematico
_920966
650 _aProbabilidades
_916891
700 _aPrelat, Carlos E.
_937451
942 _2ddc
_cLIBROS
945 _apjha
_d2019-05-08